000
00364nam a2200145Ia 4500
008
231129s2002||||xx |||||||||||||| ||spa||
020
_a
84-339-6817-3
040
_b
spa
082
_a
E863.6 M379i
100
_a
Martín Gaite Carmen
245
0
_a
Irse de casa
260
_c
2002
264
_a
Anagrama
942
_2
ddc
_c
BKS
999
_c
16019
_d
16019